000 00598nam a22002171 4500
001 sa 68004860
003 DLC
005 20260227112504.0
008 711216s1967 pk 00010 eng
010 _asa 68004860
025 _aPL480:EP-E-448
050 0 _aHF5635
_b.M93 1967
082 _a657/.09549
100 2 0 _aMuinuddin Khan, Md.
245 1 0 _aAdvanced accounting, based entirely on Pakistani law & practice,
_cby Md. Muinuddin Khan.
250 _a[2d ed.]
260 0 _aDacca,
_bIdeal Library
_c[1967]
300 _aviii, 1464 p.
_c25 cm.
350 _aRs32
650 0 _aAccounting.
999 _c80400
_d80400